[Event "SM-2022-0-00465"]
[White "Berk, Julian"]
[Black "Lipsits, Sasha"]
[Site "LSS email"]
[Round "?"]
[Result "1/2-1/2"]
[Date "2022.03.25"]
[WhiteElo "2168"]
[BlackElo "2154"]
[PlyCount "78"]
[EventDate "2022.03.12"]
[EventType "tourn (corr)"]
[EventRounds "6"]
[EventCountry "GER"]
[SourceTitle "Corr 2024"]
[Source "ChessBase"]
[SourceDate "2023.10.19"]
[SourceVersion "1"]
[SourceVersionDate "2023.10.19"]
[SourceQuality "1"]

1. c4 e5 2. Nc3 Nf6 3. Nf3 Nc6 4. e4 Bb4 5. d3 d6 6. a3 Bc5 7. b4 Bb6 8. Be3 Nd4 9. Bxd4 exd4 10. Ne2 Bg4 11. Nd2 a5 12. h3 Be6 13. g3 Nd7 14. f4 axb4 15. axb4 c5 16. Rxa8 Qxa8 17. Nc1 f6 18. b5 Ba5 19. Bg2 Bxd2+ 20. Qxd2 Qa3 21. 0-0 0-0 22. g4 h6 23. Ne2 Nb6 24. Rd1 Bf7 25. Kh2 Ra8 26. g5 hxg5 27. e5 gxf4 28. exf6 Qa2 29. Qe1 Re8 30. Rd2 Qa8 31. Qh4 Qd8 32. Bxb7 Re6 33. Nxf4 Qxf6 34. Qxf6 Rxf6 35. Kg3 g5 36. Nd5 Bxd5 37. Bxd5+ Nxd5 38. cxd5 Kg7 39. Rf2 Rh6 1/2-1/2

[Event "SM-2022-0-00465"]
[White "Lipsits, Sasha"]
[Black "Chronopoulos, Antonios"]
[Site "LSS email"]
[Round "?"]
[Result "1-0"]
[Date "2022.03.25"]
[WhiteElo "2154"]
[BlackElo "2230"]
[PlyCount "131"]
[EventDate "2022.03.12"]
[EventType "tourn (corr)"]
[EventRounds "6"]
[EventCountry "GER"]
[SourceTitle "Corr 2024"]
[Source "ChessBase"]
[SourceDate "2023.10.19"]
[SourceVersion "1"]
[SourceVersionDate "2023.10.19"]
[SourceQuality "1"]

1. e4 c5 2. Nf3 Nc6 3. d4 cxd4 4. Nxd4 Nf6 5. Nc3 e5 6. Ndb5 d6 7. Bg5 a6 8. Na3 b5 9. Nd5 Be7 10. Bxf6 Bxf6 11. c3 0-0 12. Nc2 Bg5 13. a4 bxa4 14. Rxa4 Kh8 15. Bc4 a5 16. Nce3 Rb8 17. b3 g6 18. h4 Bxh4 19. g3 Bf6 20. Ra2 Be6 21. f4 exf4 22. gxf4 Bxd5 23. Nxd5 Kg7 24. Qd3 Rb7 25. Rah2 Rh8 26. 0-0 h5 27. Rg2 Rg8 28. e5 dxe5 29. Qe4 Re8 30. Nxf6 Qxf6 31. fxe5 Rxe5 32. Qd3 Nb4 33. cxb4 Qb6+ 34. Kh1 axb4 35. Qf3 Rc7 36. Kh2 Qd6 37. Qf4 Rd7 38. Bxf7 Re4 39. Qxd6 Rxd6 40. Bc4 Rh4+ 41. Kg3 g5 42. Be2 Kg6 43. Rf8 Re4 44. Rg8+ Kh6 45. Rh8+ Kg6 46. Bxh5+ Kg7 47. Rb8 Re3+ 48. Kf2 Rxb3 49. Rxg5+ Kh6 50. Rg1 Kh7 51. Rh1 Kg7 52. Rg1+ Kh7 53. Rb7+ Kh6 54. Bf3 Rd2+ 55. Be2 Rh3 56. Rb6+ Kh7 57. Rb7+ Kh6 58. Rb6+ Kh7 59. Ra1 Rd7 60. Bg4 Rd2+ 61. Be2 Rd7 62. Kg2 Ra3 63. Rh1+ Kg7 64. Rh4 Rc3 65. Rbxb4 Rc6 66. Rhe4 1-0

[Event "RA-2021-0-00698"]
[White "Korn, Hans"]
[Black "Lipsits, Sasha"]
[Site "LSS email"]
[Round "?"]
[Result "1/2-1/2"]
[Date "2021.12.20"]
[WhiteElo "2071"]
[BlackElo "2142"]
[PlyCount "96"]
[EventDate "2021.11.30"]
[EventType "tourn (corr)"]
[EventRounds "6"]
[EventCountry "GER"]
[SourceTitle "Corr 2024"]
[Source "ChessBase"]
[SourceDate "2023.10.19"]
[SourceVersion "1"]
[SourceVersionDate "2023.10.19"]
[SourceQuality "1"]

1. Nf3 d5 2. d4 Nf6 3. c4 e6 4. Nc3 Bb4 5. cxd5 exd5 6. Bg5 Nbd7 7. Nd2 Be7 8. e3 Nf8 9. Bd3 Ne6 10. Bh4 c6 11. 0-0 0-0 12. a3 g6 13. b4 a6 14. Nb3 Re8 15. Re1 Ng7 16. f3 Bf5 17. Bf1 b6 18. Kh1 Be6 19. Qc2 h5 20. Bf2 Nf5 21. Ne2 Bd6 22. Nf4 Bxf4 23. exf4 h4 24. Bd3 Nh5 25. Bxf5 Bxf5 26. Qd2 Qd6 27. a4 Qxf4 28. Be3 Qc7 29. Bg5 f6 30. Rxe8+ Rxe8 31. Bxh4 Qf4 32. Re1 Rxe1+ 33. Bxe1 Qxd2 34. Bxd2 Bc2 35. a5 bxa5 36. Nxa5 Ba4 37. Bh6 Kh7 38. Be3 Bb5 39. Nb7 Ng7 40. Nd8 Nf5 41. Bf2 g5 42. g4 Nd6 43. Kg2 Kg6 44. Ne6 f5 45. Be3 f4 46. Bc1 Kf6 47. Nc5 Nf7 48. Nb7 Nh8 1/2-1/2

[Event "LSS SA-2021-0-00776"]
[White "Chronopoulos, Antonios"]
[Black "Lipsits, Sasha"]
[Site "LSS email"]
[Round "?"]
[Result "1/2-1/2"]
[Date "2021.10.28"]
[WhiteElo "2006"]
[BlackElo "2111"]
[PlyCount "78"]
[EventDate "2021.09.29"]
[EventType "tourn (corr)"]
[EventRounds "6"]
[EventCountry "GER"]
[SourceTitle "Corr 2024"]
[Source "ChessBase"]
[SourceDate "2023.10.19"]
[SourceVersion "1"]
[SourceVersionDate "2023.10.19"]
[SourceQuality "1"]

1. d4 d5 2. c4 e6 3. Nf3 Nf6 4. Nc3 c6 5. Bg5 h6 6. Bh4 dxc4 7. e4 g5 8. Bg3 b5 9. Be2 Bb7 10. h4 g4 11. Ne5 Nbd7 12. Nxd7 Qxd7 13. Be5 Qe7 14. b3 Rg8 15. Qc2 Nd7 16. Bg3 b4 17. Na4 Bg7 18. Rd1 c3 19. a3 a5 20. 0-0 Bf6 21. Bc7 Bxh4 22. e5 Qg5 23. g3 Bxg3 24. fxg3 Qe3+ 25. Kg2 c5+ 26. d5 exd5 27. e6 fxe6 28. Kh2 Qg5 29. Nxc5 Nxc5 30. Bb5+ Nd7 31. Rde1 Ke7 32. Qf2 Raf8 33. Rxe6+ Kxe6 34. Re1+ Ne5 35. Rxe5+ Qxe5 36. Qb6+ Kf5 37. Bxe5 Kxe5 38. Qc7+ Kd4 39. axb4 axb4 1/2-1/2

[Event "LSS SA-2021-0-00776"]
[White "Lipsits, Sasha"]
[Black "Csaba, Fodor"]
[Site "LSS email"]
[Round "?"]
[Result "1/2-1/2"]
[Date "2021.10.28"]
[WhiteElo "2111"]
[BlackElo "2003"]
[PlyCount "118"]
[EventDate "2021.09.29"]
[EventType "tourn (corr)"]
[EventRounds "6"]
[EventCountry "GER"]
[SourceTitle "Corr 2024"]
[Source "ChessBase"]
[SourceDate "2023.10.19"]
[SourceVersion "1"]
[SourceVersionDate "2023.10.19"]
[SourceQuality "1"]

1. d4 d5 2. c4 e6 3. Nc3 a6 4. cxd5 exd5 5. Nf3 h6 6. Bf4 Nf6 7. e3 Bd6 8. Be5 Be6 9. Qb3 Ra7 10. Bd3 Bxe5 11. Nxe5 0-0 12. 0-0 c5 13. dxc5 Qc7 14. Nf3 Nbd7 15. Qc2 Nxc5 16. Rfc1 Rc8 17. h3 Qd6 18. Nd4 Bd7 19. Qd2 Raa8 20. Rc2 Rc7 21. Rac1 Rac8 22. Qd1 Qb6 23. Nce2 Ne6 24. Qd2 Rxc2 25. Bxc2 Rc7 26. Rd1 Nxd4 27. Nxd4 Bb5 28. Qb4 Qc5 29. Qd2 Qb6 30. f3 a5 31. Rc1 g6 32. Bd1 Rxc1 33. Qxc1 Ne8 34. Bb3 Bc6 35. Kf2 Nc7 36. Qd2 Nb5 37. Ne2 Nc7 38. Nf4 Qc5 39. Nd3 Qb5 40. Nf4 Qc5 41. a3 h5 42. Qc2 Qxc2+ 43. Bxc2 Kg7 44. h4 Kf6 45. Ne2 Bd7 46. Nd4 Ne8 47. Bb3 Be6 48. Nb5 Ng7 49. Nd4 Ne8 50. Bd1 Nd6 51. b3 Ke5 52. Ke2 Nf5 53. Nxf5 Bxf5 54. g3 f6 55. Kd2 d4 56. b4 axb4 57. axb4 dxe3+ 58. Kxe3 Bd7 59. Bb3 Bf5 1/2-1/2

[Event "RA-2021-0-00683"]
[White "Lipsits, Sasha"]
[Black "Farnik, Kym"]
[Site "LSS email"]
[Round "?"]
[Result "1/2-1/2"]
[Date "2021.07.08"]
[WhiteElo "2040"]
[BlackElo "2137"]
[PlyCount "60"]
[EventDate "2021.04.28"]
[EventType "tourn (corr)"]
[EventRounds "6"]
[EventCountry "GER"]
[SourceTitle "Corr 2024"]
[Source "ChessBase"]
[SourceDate "2023.10.19"]
[SourceVersion "1"]
[SourceVersionDate "2023.10.19"]
[SourceQuality "1"]

1. d4 Nf6 2. Nf3 g6 3. c4 Bg7 4. Nc3 d5 5. cxd5 Nxd5 6. e4 Nxc3 7. bxc3 c5 8. Rb1 0-0 9. Be2 Nc6 10. d5 Ne5 11. Nxe5 Bxe5 12. Qd2 e6 13. f4 Bc7 14. 0-0 exd5 15. exd5 Ba5 16. d6 Bf5 17. Rxb7 Qf6 18. Bb2 Rfb8 19. Rb3 Qe6 20. Bf3 Rxb3 21. axb3 Rd8 22. Ra1 Rxd6 23. Qf2 Bg4 24. Rxa5 Bxf3 25. gxf3 Qd7 26. Qxc5 h5 27. f5 gxf5 28. Qe3 Rd1+ 29. Kg2 Rd2+ 30. Kh1 Rd1+ 1/2-1/2

[Event "LSS SA-2021-0-00760"]
[White "Kazimierski, Tomasz"]
[Black "Lipsits, Sasha"]
[Site "LSS email"]
[Round "?"]
[Result "1/2-1/2"]
[Date "2021.06.10"]
[WhiteElo "2047"]
[BlackElo "2034"]
[PlyCount "85"]
[EventDate "2021.05.04"]
[EventType "tourn (corr)"]
[EventRounds "6"]
[EventCountry "GER"]
[SourceTitle "Corr 2024"]
[Source "ChessBase"]
[SourceDate "2023.10.19"]
[SourceVersion "1"]
[SourceVersionDate "2023.10.19"]
[SourceQuality "1"]

1. d4 d5 2. c4 e6 3. Nc3 Nf6 4. cxd5 exd5 5. Bg5 Be7 6. e3 0-0 7. Bd3 h6 8. Bh4 c6 9. Qc2 Re8 10. Nge2 Nh5 11. Bxe7 Qxe7 12. 0-0 Nd7 13. Rae1 Nf8 14. Qd2 Bd7 15. b4 b5 16. a4 a6 17. Qb2 Ne6 18. a5 Nd8 19. e4 Ne6 20. f3 Nef4 21. Bb1 Qg5 22. Nxf4 Nxf4 23. Kh1 Rad8 24. e5 Bf5 25. Bxf5 Qxf5 26. Ne2 f6 27. Nxf4 Qxf4 28. g3 Qf5 29. f4 fxe5 30. fxe5 Qh3 31. Qe2 Qe6 32. Rf2 Rb8 33. Kg2 Rf8 34. Ref1 Qe7 35. Qd2 Rbc8 36. h4 Kh8 37. h5 Rb8 38. Rf4 Ra8 39. Rxf8+ Rxf8 40. Rxf8+ Qxf8 41. e6 Qe7 42. Qe1 Kg8 43. Qe5 1/2-1/2

[Event "LSS SA-2021-0-00760"]
[White "Pilgram, Kurt"]
[Black "Lipsits, Sasha"]
[Site "LSS email"]
[Round "?"]
[Result "1/2-1/2"]
[Date "2021.06.10"]
[WhiteElo "2157"]
[BlackElo "2034"]
[PlyCount "71"]
[EventDate "2021.05.04"]
[EventType "tourn (corr)"]
[EventRounds "6"]
[EventCountry "GER"]
[SourceTitle "Corr 2024"]
[Source "ChessBase"]
[SourceDate "2023.10.19"]
[SourceVersion "1"]
[SourceVersionDate "2023.10.19"]
[SourceQuality "1"]

1. e4 e5 2. Nf3 Nc6 3. Bb5 a6 4. Ba4 Nf6 5. 0-0 Be7 6. Re1 b5 7. Bb3 d6 8. c3 0-0 9. h3 Bb7 10. d4 Re8 11. Ng5 Rf8 12. a4 h6 13. Nf3 Re8 14. Bc2 exd4 15. Nxd4 Bf8 16. Nd2 g6 17. axb5 Nxd4 18. cxd4 axb5 19. Rxa8 Qxa8 20. e5 Nh7 21. Be4 dxe5 22. Bxb7 Qxb7 23. dxe5 Qc6 24. Nf3 Bg7 25. Qd3 Nf8 26. Nd4 Qc5 27. f4 g5 28. g3 gxf4 29. gxf4 f6 30. Qc3 Qxc3 31. bxc3 fxe5 32. Nxb5 Ng6 33. Nxc7 Rc8 34. Nd5 Rc5 35. Rd1 Nxf4 36. Nxf4 1/2-1/2

[Event "LSS SA-2021-0-00758"]
[White "Lipsits, Sasha"]
[Black "Cleto Junior, Dirceu"]
[Site "LSS email"]
[Round "?"]
[Result "1/2-1/2"]
[Date "2021.05.17"]
[WhiteElo "2013"]
[BlackElo "2082"]
[PlyCount "79"]
[EventDate "2021.04.01"]
[EventType "tourn (corr)"]
[EventRounds "6"]
[EventCountry "GER"]
[SourceTitle "Corr 2024"]
[Source "ChessBase"]
[SourceDate "2023.10.19"]
[SourceVersion "1"]
[SourceVersionDate "2023.10.19"]
[SourceQuality "1"]

1. d4 Nf6 2. Nf3 d5 3. c4 e6 4. Nc3 c5 5. cxd5 exd5 6. g3 Nc6 7. Bg2 cxd4 8. Nxd4 Bc5 9. Nb3 Bb6 10. 0-0 d4 11. Na4 0-0 12. Bg5 h6 13. Nxb6 axb6 14. Bxc6 bxc6 15. Bxf6 Qxf6 16. Qxd4 Qd8 17. Rfd1 Be6 18. Qc3 Qe7 19. Rd2 c5 20. a3 f5 21. Rad1 f4 22. Nc1 Rae8 23. Nd3 Qg5 24. Ne5 Qh5 25. e3 fxg3 26. hxg3 Rxf2 27. Kxf2 Qh2+ 28. Ke1 Qxg3+ 29. Rf2 Rf8 30. Nd3 Qg1+ 31. Kd2 Rxf2+ 32. Nxf2 Qxf2+ 33. Kc1 h5 34. Qd3 h4 35. Rf1 Qg3 36. Qe4 Bf7 37. Qa8+ Kh7 38. Qe4+ Kg8 39. Kd1 g5 40. Qd3 1/2-1/2

[Event "RA-2021-0-00679"]
[White "Lipsits, Sasha"]
[Black "Rodriguez, Raul"]
[Site "LSS email"]
[Round "?"]
[Result "1-0"]
[Date "2021.04.22"]
[WhiteElo "2002"]
[BlackElo "2096"]
[PlyCount "41"]
[EventDate "2020.12.22"]
[EventType "tourn (corr)"]
[EventRounds "6"]
[EventCountry "GER"]
[SourceTitle "Corr 2024"]
[Source "ChessBase"]
[SourceDate "2023.10.19"]
[SourceVersion "1"]
[SourceVersionDate "2023.10.19"]
[SourceQuality "1"]

1. e4 e6 2. d4 d5 3. Nc3 Nf6 4. Bg5 Bb4 5. e5 h6 6. Bd2 Bxc3 7. bxc3 Ne4 8. Qg4 g6 9. Bd3 Nxd2 10. Kxd2 c5 11. h4 c4 12. Be2 Nd7 13. Nh3 Qe7 14. Qg3 b6 15. h5 g5 16. f4 gxf4 17. Nxf4 b5 18. Rab1 a6 19. Rh4 Bb7 20. Rg4 Nb6 21. Rg7 1-0

[Event "RA-2021-0-00679"]
[White "Morcin, Tom"]
[Black "Lipsits, Sasha"]
[Site "LSS email"]
[Round "?"]
[Result "1/2-1/2"]
[Date "2021.04.22"]
[WhiteElo "2082"]
[BlackElo "2002"]
[PlyCount "75"]
[EventDate "2020.12.22"]
[EventType "tourn (corr)"]
[EventRounds "6"]
[EventCountry "GER"]
[SourceTitle "Corr 2024"]
[Source "ChessBase"]
[SourceDate "2023.10.19"]
[SourceVersion "1"]
[SourceVersionDate "2023.10.19"]
[SourceQuality "1"]

1. e4 c5 2. Nf3 Nc6 3. d4 cxd4 4. Nxd4 Nf6 5. Nc3 e6 6. Ndb5 d6 7. Bf4 e5 8. Bg5 a6 9. Na3 b5 10. Bxf6 gxf6 11. Nd5 f5 12. c3 Bg7 13. exf5 Bxf5 14. Nc2 0-0 15. Nce3 Be6 16. Bd3 f5 17. Qh5 e4 18. Bc2 Ne7 19. Rd1 b4 20. Bb3 Ng6 21. 0-0 bxc3 22. bxc3 a5 23. f4 a4 24. Bc4 Kh8 25. Kh1 a3 26. Qe2 Ne7 27. Nxe7 Qxe7 28. Bxe6 Qxe6 29. Nd5 Rab8 30. Qa6 Ra8 31. Qe2 Qf7 32. Rd2 Qb7 33. Rfd1 Rab8 34. h3 Qc6 35. Rc2 Qb5 36. Qf2 Rfc8 37. Kh2 Qc5 38. Qe2 1/2-1/2

[Event "SB-2021-0-00607"]
[White "Csaba, Fodor"]
[Black "Lipsits, Sasha"]
[Site "LSS email"]
[Round "?"]
[Result "1-0"]
[Date "2021.01.13"]
[WhiteElo "1877"]
[BlackElo "1923"]
[PlyCount "89"]
[EventDate "2020.11.14"]
[EventType "tourn (corr)"]
[EventRounds "6"]
[EventCountry "GER"]
[SourceTitle "Corr 2024"]
[Source "ChessBase"]
[SourceDate "2023.10.19"]
[SourceVersion "1"]
[SourceVersionDate "2023.10.19"]
[SourceQuality "1"]

1. e4 e5 2. Nf3 d6 3. d4 exd4 4. Nxd4 Nf6 5. Nc3 Be7 6. Bf4 0-0 7. Qd2 Nc6 8. 0-0-0 Nxd4 9. Qxd4 Be6 10. f3 a6 11. g4 b5 12. h4 c5 13. Qd2 b4 14. Nd5 Nxd5 15. exd5 Bd7 16. Kb1 Re8 17. g5 Bf5 18. Re1 Bf8 19. Bd3 Rxe1+ 20. Rxe1 Bg6 21. Bxg6 hxg6 22. Qd3 Qd7 23. Re4 a5 24. a3 Rc8 25. b3 a4 26. axb4 cxb4 27. Rxb4 axb3 28. cxb3 Re8 29. Bd2 Qh3 30. Re4 Qh1+ 31. Be1 Rb8 32. Kb2 Qh2+ 33. Qe2 Qh1 34. b4 Qg1 35. Bf2 Qh2 36. b5 Rxb5+ 37. Qxb5 Qxf2+ 38. Qe2 Qc5 39. Qc4 Qf2+ 40. Re2 Qxf3 41. Re8 Qf2+ 42. Kc3 Qa7 43. Qc6 f5 44. Kc4 Qa2+ 45. Kb5 1-0

[Event "SB-2021-0-00607"]
[White "Lipsits, Sasha"]
[Black "Blair, Matthew"]
[Site "LSS email"]
[Round "?"]
[Result "1-0"]
[Date "2021.01.13"]
[WhiteElo "1923"]
[BlackElo "1964"]
[PlyCount "115"]
[EventDate "2020.11.14"]
[EventType "tourn (corr)"]
[EventRounds "6"]
[EventCountry "GER"]
[SourceTitle "Corr 2024"]
[Source "ChessBase"]
[SourceDate "2023.10.19"]
[SourceVersion "1"]
[SourceVersionDate "2023.10.19"]
[SourceQuality "1"]

1. d4 Nf6 2. c4 e6 3. Nc3 Bb4 4. e3 0-0 5. Bd3 d5 6. Nf3 c5 7. 0-0 dxc4 8. Bxc4 Nbd7 9. a3 cxd4 10. axb4 dxc3 11. bxc3 Qe7 12. Re1 Nb6 13. Bf1 e5 14. c4 Bg4 15. e4 Rfc8 16. c5 Nbd7 17. Bb2 Qe6 18. h3 Bxf3 19. Qxf3 a5 20. Rxa5 Rxa5 21. bxa5 Rxc5 22. Qa3 Qc6 23. Bc1 Rc3 24. Qa1 Nxe4 25. Qb1 Nef6 26. Bb2 Rc2 27. Bd3 Rc5 28. a6 bxa6 29. Ba3 Rd5 30. Rc1 Qa8 31. Bc4 Rd4 32. Qb3 g6 33. Bxf7+ Kg7 34. Bc4 Qc6 35. Bb2 Rd6 36. Ba3 Rd4 37. Bb2 Rd6 38. Qa3 Qb6 39. Rc2 a5 40. Be2 Qb4 41. Qa1 Qe4 42. Qc1 Qf4 43. Qb1 a4 44. Ba3 Rb6 45. Qd1 e4 46. Bb2 Rd6 47. Bd4 a3 48. Qa1 h5 49. Be3 Qe5 50. Qxa3 Rd5 51. g3 Qd6 52. Qc1 Qe5 53. Kg2 g5 54. Rc8 Kg6 55. Rd8 Rd6 56. Rh8 Qd5 57. Qc8 Ne5 58. Bxh5+ 1-0